NELSON TRATADO DE PEDIATRIA (Registro nro. 4581)
[ vista simple ]
| 000 -LEADER | |
|---|---|
| fixed length control field | 00520nam a2200193 a 4500 |
| 001 - CONTROL NUMBER | |
| control field | 4581 |
| 005 - DATE AND TIME OF LATEST TRANSACTION | |
| control field | 20180713184442.0 |
| 008 - FIXED-LENGTH DATA ELEMENTS--GENERAL INFORMATION | |
| fixed length control field | 140415s1989 mx 000 0 spa d |
| 041 ## - LANGUAGE CODE | |
| Language code of text/sound track or separate title | spa |
| 082 ## - DEWEY DECIMAL CLASSIFICATION NUMBER | |
| Classification number | 618.92 |
| Item number | BEH |
| 100 1# - MAIN ENTRY--PERSONAL NAME | |
| Personal name | BEHRMAN, RICHARD E. |
| 245 10 - TITLE STATEMENT | |
| Title | NELSON TRATADO DE PEDIATRIA |
| 250 ## - EDITION STATEMENT | |
| Edition statement | 10A ED. |
| 260 ## - PUBLICATION, DISTRIBUTION, ETC. | |
| Place of publication, distribution, etc. | MEXICO : |
| Name of publisher, distributor, etc. | NUEVA EDITORIAL INTERAMERICANA, |
| Date of publication, distribution, etc. | 1989 |
| 300 ## - PHYSICAL DESCRIPTION | |
| Extent | 2 |
| 650 14 - SUBJECT ADDED ENTRY--TOPICAL TERM | |
| Topical term or geographic name entry element | PEDIATRIA |
| 700 1# - ADDED ENTRY--PERSONAL NAME | |
| Personal name | DIAZ BLASCO, JOSE MA. |
| Relator term | tr. |
| 700 1# - ADDED ENTRY--PERSONAL NAME | |
| Personal name | VAUGMAN, VICTOR C. |
| Relator term | coaut. |
| Withdrawn status | Lost status | Source of classification or shelving scheme | Damaged status | Not for loan | Collection code | Home library | Current library | Shelving location | Date acquired | Source of acquisition | Inventory number | Total Checkouts | Full call number | Barcode | Date last seen | Date last checked out | Price effective from | Koha item type |
|---|---|---|---|---|---|---|---|---|---|---|---|---|---|---|---|---|---|---|
| Dewey Decimal Classification | General | Biblioteca Karol Wojtyla | Biblioteca Karol Wojtyla | Sala general | 03/12/2013 | Compra | 151000000000000000003769 | 618.92 BEH | 16094 | 05/01/2026 | 25/08/2014 | 03/12/2013 | Libro | |||||
| Extraviado | Dewey Decimal Classification | Biblioteca Karol Wojtyla | Biblioteca Karol Wojtyla | 03/12/2013 | Compra | 618.92 BEH | 16093 | 03/12/2013 | Libro |